Central Library OPAC University of Rajshahi

Japan : (Record no. 24996)

MARC details
000 -LEADER
fixed length control field 00884nam a2200277 a 4500
001 - CONTROL NUMBER
control field 24996
003 - CONTROL NUMBER IDENTIFIER
rucl marc code BD-RjUL
005 - DATE AND TIME OF LATEST TRANSACTION
control field 20211209050820.0
008 - FIXED-LENGTH DATA ELEMENTS--GENERAL INFORMATION
fixed length control field 960524m1997 nyua b 001 0 eng d
020 ## - INTERNATIONAL STANDARD BOOK NUMBER
International Standard Book Number 1563249065 (alk. paper)
International Standard Book Number 0765600366 (pbk.) (v.2)
035 ## - SYSTEM CONTROL NUMBER
System control number (BD-RjUL)25065
040 ## - CATALOGING SOURCE
Original cataloging agency QGU
Language of cataloging eng
Modifying agency QGU
Transcribing agency LC
Modifying agency TOC
-- BD-RjUL
041 ## - LANGUAGE CODE
Language code of text/sound track or separate title eng
082 00 - DEWEY DECIMAL CLASSIFICATION NUMBER
Classification number 952
Edition number 20
Author mark and year LUJ V-2 1997
100 1# - MAIN ENTRY--PERSONAL NAME
Personal name Lu, David John,
Dates associated with a name 1928-
9 (RLIN) 76888
245 00 - TITLE STATEMENT
Title Japan :
Remainder of title a documentary history /
Statement of responsibility, etc. by David J. Lu.
260 ## - PUBLICATION, DISTRIBUTION, ETC. (IMPRINT)
Place of publication, distribution, etc. Armonk, NY :
Name of publisher, distributor, etc. M.E. Sharpe,
Date of publication, distribution, etc. c1997.
300 ## - PHYSICAL DESCRIPTION
Pagination xv, 273-618 p. [XLVI] :
Illustrations ill. ;
Size 23 cm.
504 ## - BIBLIOGRAPHY, ETC. NOTE
Bibliography, etc Includes bibliographical references and index.
505 ## - FORMATTED CONTENTS NOTE
Formatted contents note Vol. 1 , Vol, 1 The dawn of history to the late tokugawa period
651 #0 - SUBJECT ADDED ENTRY--GEOGRAPHIC NAME
Geographic name Japan
General subdivision History.
9 (RLIN) 76889
942 ## - ADDED ENTRY ELEMENTS (KOHA)
Source of classification or shelving scheme Dewey Decimal Classification
Koha item type Books
Holdings
Lost status Source of classification or shelving scheme Damaged status Not for loan Collection code Permanent Location Current Location Shelving location Date acquired Source of acquisition Total Checkouts Full call number Date last seen Copy number Koha item type
  Dewey Decimal Classification   Added to bundle Non-fiction Central Library, University of Rajshahi Central Library, University of Rajshahi Reading Room 06/11/1999 Japan Foundation, Gift.   952 LUJ V-2 1997 16/03/2014 C-1 Books
  Dewey Decimal Classification   Not For Loan Non-fiction Central Library, University of Rajshahi Central Library, University of Rajshahi Reading Room 06/11/1999 Japan Foundation, Gift.   952 LUJ V-1 1997 04/02/2017 C-1 Books